000 00427 a2200157 4500
005 20250626122111.0
020 _a13: 978-0-07-242868-1
082 _a630.68 KAY
100 _aKAY, R.D.
245 _aFarm Management,
250 _a5th Ed.
260 _aNew York,
_bMcGraw-Hill Irwin,
_c2004.
300 _axii,; 445p: ill.; figure, picture,
_bGlossary & Index,
_c24cm.
700 _aEDWARDS, W.M. DUFFY, P.A.
942 _2ddc
_cBKS
999 _c5310
_d5310